<?xml version="1.0" encoding="UTF-8"?>
<record
    xmlns:xsi="http://www.w3.org/2001/XMLSchema-instance"
    xsi:schemaLocation="http://www.loc.gov/MARC21/slim http://www.loc.gov/standards/marcxml/schema/MARC21slim.xsd"
    xmlns="http://www.loc.gov/MARC21/slim">

  <leader>03692nam a2200361 a 4500</leader>
  <controlfield tag="003">CHAP</controlfield>
  <controlfield tag="005">20230421190330.0</controlfield>
  <controlfield tag="007">ta</controlfield>
  <controlfield tag="008">230421s1972    mx  |||gr|||| 001 e spa d</controlfield>
  <datafield tag="020" ind1=" " ind2=" ">
    <subfield code="a">978-968-16-0782-1</subfield>
  </datafield>
  <datafield tag="040" ind1=" " ind2=" ">
    <subfield code="a">mxchpua</subfield>
    <subfield code="c">CHAP</subfield>
    <subfield code="e">rda</subfield>
  </datafield>
  <datafield tag="050" ind1="1" ind2="0">
    <subfield code="a">PN1048</subfield>
    <subfield code="b">.P39 1972</subfield>
  </datafield>
  <datafield tag="082" ind1="0" ind2="0">
    <subfield code="a">808.849357</subfield>
    <subfield code="b">P39 1972</subfield>
    <subfield code="2">20</subfield>
  </datafield>
  <datafield tag="100" ind1="1" ind2=" ">
    <subfield code="9">86376</subfield>
    <subfield code="a">Paz, Octavio</subfield>
  </datafield>
  <datafield tag="245" ind1="1" ind2="3">
    <subfield code="a">El arco y la lira :</subfield>
    <subfield code="b">el poema. La revelaci&#xF3;n po&#xE9;tica. Poes&#xED;a e historia /</subfield>
    <subfield code="c">Octavio Paz</subfield>
  </datafield>
  <datafield tag="250" ind1=" " ind2=" ">
    <subfield code="a">3a edici&#xF3;n</subfield>
  </datafield>
  <datafield tag="264" ind1=" " ind2=" ">
    <subfield code="a">M&#xE9;xico :</subfield>
    <subfield code="b">Fondo de Cultura Econ&#xF3;mica,</subfield>
    <subfield code="c">1972</subfield>
  </datafield>
  <datafield tag="300" ind1=" " ind2=" ">
    <subfield code="a">307 p&#xE1;ginas :</subfield>
  </datafield>
  <datafield tag="336" ind1=" " ind2=" ">
    <subfield code="2">rdacontent</subfield>
    <subfield code="a">texto</subfield>
    <subfield code="b">txt</subfield>
  </datafield>
  <datafield tag="337" ind1=" " ind2=" ">
    <subfield code="2">rdamedia</subfield>
    <subfield code="a">sin medio</subfield>
    <subfield code="b">n</subfield>
  </datafield>
  <datafield tag="338" ind1=" " ind2=" ">
    <subfield code="2">rdacarrier</subfield>
    <subfield code="a">volumen</subfield>
    <subfield code="b">nc</subfield>
  </datafield>
  <datafield tag="490" ind1="1" ind2=" ">
    <subfield code="a">Lengua y estudios literarios (FCE)</subfield>
  </datafield>
  <datafield tag="505" ind1="0" ind2=" ">
    <subfield code="a">Advertencia a la primera edici&#xF3;n 7 --
Advertencia a la segunda edici&#xF3;n 9 --

INTRODUCCI&#xD3;N --
Poes&#xED;a y poema 13 --

EL POEMA --
El lenguaje 29 --
El ritmo 49 --
Verso y prosa 68 --
La imagen 98 --

LA REVELACI&#xD3;N PO&#xC9;TICA --
La otra orilla 117 --
La revelaci&#xF3;n po&#xE9;tica 137 --
La inspiraci&#xF3;n 157 --

POES&#xCD;A E HISTORIA --
La consagraci&#xF3;n del instante 185 --
El mundo heroico 198 --
Ambig&#xFC;edad de la novela 219 --
El verbo desencarnado 232 --

EP&#xCD;LOGO --
Los signos en rotaci&#xF3;n 253 --

AP&#xC9;NDICES --
I. Poes&#xED;a, Sociedad, Estado 287 --
II. Poes&#xED;a y respiraci&#xF3;n 295 --
III. Whitman, poeta de Am&#xE9;rica 297</subfield>
  </datafield>
  <datafield tag="520" ind1="2" ind2=" ">
    <subfield code="a">Las reflexiones de Octavio Paz sobre el fen&#xF3;meno po&#xE9;tico, su lugar en la historia y, singularmente, en nuestra &#xE9;poca y en nuestra vida personal son en buena parte el testimonio que el poeta da acerca de una cuesti&#xF3;n nunca dilucidada del todo. Al preguntarse &#xBF;qu&#xE9; es la poes&#xED;a?, Octavio Paz responde refiriendo la pregunta a otro ser, no menos enigm&#xE1;tico: el poema. En la primera parte de este libro, el autor examina la naturaleza del poema y hace un an&#xE1;lisis de sus componentes: lenguaje, ritmo e imagen.
El estudio del poema lleva a Octavio Paz a inclinarse sobre un nuevo problema: &#xBF;En qu&#xE9; consiste la creaci&#xF3;n po&#xE9;tica, esto es, la creaci&#xF3;n de poemas? En la segunda parte de su libro, Paz examina las diferencias y semejanzas entre la experiencia po&#xE9;tica y la religiosa, dedica un cap&#xED;tulo al espinoso problema de la "inspiraci&#xF3;n" y concluye afirmando que la experiencia po&#xE9;tica es irreductible a cualquiera otra.
Tras estudiar el "decir po&#xE9;tico" y su significaci&#xF3;n, el autor se plantea un nuevo problema: &#xBF;c&#xF3;mo se comunica este decir po&#xE9;tico? Paz afirma que el poema es de naturaleza hist&#xF3;rica; pero esta manera de ser hist&#xF3;rica es parad&#xF3;jica, pues si bien el poema constituye un producto social, expresi&#xF3;n de una &#xE9;poca determinada, tambi&#xE9;n es una condici&#xF3;n previa a la existencia de toda sociedad.
La poes&#xED;a consagra el instante y convierte el transcurrir hist&#xF3;rico en arquetipo. A continuaci&#xF3;n, Paz examina algunos ejemplos de "consagraci&#xF3;n" de la historia por la poes&#xED;a: el teatro griego -cuyo tema central es el "sacrilegio"-, la novela y la poes&#xED;a l&#xED;rica de la edad moderna. Particular importancia dentro de las ideas del autor reviste esta &#xFA;ltima, pues constituye "una tentativa del verbo por encarnar en la vida". Luego de analizar la aventura de la poes&#xED;a moderna y las causas de su fracaso hist&#xF3;rico, Octavio Paz ofrece su idea sobre la funci&#xF3;n de la poes&#xED;a en nuestra &#xE9;poca.</subfield>
  </datafield>
  <datafield tag="650" ind1="1" ind2="2">
    <subfield code="9">133612</subfield>
    <subfield code="a">Literatura mexicana</subfield>
    <subfield code="y">Siglo XX</subfield>
  </datafield>
  <datafield tag="650" ind1="1" ind2="7">
    <subfield code="9">37078</subfield>
    <subfield code="a">Ensayos mexicanos</subfield>
  </datafield>
  <datafield tag="650" ind1="1" ind2="7">
    <subfield code="9">90141</subfield>
    <subfield code="a">Poes&#xED;a</subfield>
  </datafield>
  <datafield tag="650" ind1="1" ind2="3">
    <subfield code="9">153762</subfield>
    <subfield code="a">Mexican literature</subfield>
    <subfield code="x"> </subfield>
    <subfield code="y">20th. century</subfield>
  </datafield>
  <datafield tag="650" ind1="1" ind2="0">
    <subfield code="9">153132</subfield>
    <subfield code="a">Essay  </subfield>
  </datafield>
  <datafield tag="650" ind1="1" ind2="0">
    <subfield code="9">186760</subfield>
    <subfield code="a">Poetry</subfield>
  </datafield>
  <datafield tag="830" ind1=" " ind2=" ">
    <subfield code="9">65982</subfield>
    <subfield code="a">Lengua y estudios literarios (FCE)</subfield>
  </datafield>
  <datafield tag="942" ind1=" " ind2=" ">
    <subfield code="2">ddc</subfield>
    <subfield code="c">Libro</subfield>
  </datafield>
  <datafield tag="999" ind1=" " ind2=" ">
    <subfield code="c">218616</subfield>
    <subfield code="d">218616</subfield>
  </datafield>
  <datafield tag="952" ind1=" " ind2=" ">
    <subfield code="0">0</subfield>
    <subfield code="1">0</subfield>
    <subfield code="2">ddc</subfield>
    <subfield code="4">0</subfield>
    <subfield code="5">2</subfield>
    <subfield code="7">0</subfield>
    <subfield code="8">LIT</subfield>
    <subfield code="a">IA_</subfield>
    <subfield code="b">IA_</subfield>
    <subfield code="d">2021-12-09</subfield>
    <subfield code="e">Compra Librer&#xED;a UACh F 39630</subfield>
    <subfield code="i">Consumo</subfield>
    <subfield code="l">0</subfield>
    <subfield code="o">808.849357 P39 1972</subfield>
    <subfield code="p">1108014664</subfield>
    <subfield code="r">2023-04-21 00:00:00</subfield>
    <subfield code="t">Ej. 1</subfield>
    <subfield code="w">2023-04-21</subfield>
    <subfield code="y">LIBRO</subfield>
  </datafield>
</record>
